000
00313nam a2200133Ia 4500
008
230818s2006 xx 000 0 und d
041
_a
eng
100
_a
Abbott Lewrey
245
_a
Front Office
260
_b
Elsevier Butter Worth
_c
2006
300
_a
211p
520
_a
General
999
_c
852170
_d
852170
650
_a
Hotel Front office